01017cam a22002531i 4500001001300000003000400013005001700017008004100034010001700075035001900092040002500111050002500136082002800161110004800189245008000237260005000317300002500367490002400392500013400416500005700550500007100607650003300678700005200711l 37000041 DLC20260227111535.0751205s1936 dcu f000 0 eng  al 37000041  a(OCoLC)1876743 aDLCcOYUdOCoLCdDLC00aHD8051b.A62 no. 618 a(331.06173)a331.8809731 aUnited States.bBureau of Labor Statistics.10aHandbook of American trade-unions :b1936 edition /cby Estelle M. Stewart. aWashington :bU.S. Govt. Print. Off. ;c1936. axv, 340 p. ;c23 cm.0 aBulletin ;vno. 618 a"At head of title: U. S. Department of labor. Frances Perkins, secretary. Bureau of labor statistics. Isador Lubin, commissioner. aIssued also as House doc. 257, 74th Cong., 1st sess. a"List of bulletins of the Bureau of labor statistics": p. 335-340. 0aLabor unionszUnited States.1 aStewart, Estelle M.q(Estelle May),d1887-1938.